[Event "Russian Championship B13 1st league 2016"]
[Site "Loo"]
[Date "2016.04.27"]
[Round "8.2"]
[White "Galiev, Irek"]
[Black "Erastov, Semen"]
[Result "1/2-1/2"]
[WhiteElo "1859"]
[BlackElo "1775"]
[PlyCount "182"]
[EventDate "2016.04.20"]

1. d4 d5 2. Nf3 Nf6 3. c4 c6 4. Nc3 dxc4 5. a4 Bf5 6. e3 e6 7. Bxc4 Bb4 8. O-O
Nbd7 9. Qb3 Qb6 10. Nh4 Bg6 11. Nxg6 hxg6 12. f4 O-O 13. Qc2 Rfd8 14. Na2 Be7
15. b4 a5 16. b5 c5 17. Bb2 cxd4 18. Bxd4 Bc5 19. Rfd1 Nf8 20. Qb2 Bxd4 21.
exd4 Nd5 22. Qd2 Ne7 23. Nc3 Nf5 24. Ne2 Rd7 25. Ra3 Rad8 26. Rd3 Nh7 27. g4
Nd6 28. Bb3 Nf6 29. h3 Rc7 30. Rc1 Rdc8 31. Rxc7 Rxc7 32. Kg2 Nd5 33. Bxd5 exd5
34. Nc3 Nc4 35. Qf2 Qd6 36. Qf3 Rd7 37. Rd1 Rd8 38. Re1 Nb6 39. f5 gxf5 40.
gxf5 Qh6 41. Re2 Kh7 42. Qe3 Nc4 43. Qd3 Qg5+ 44. Kh2 Qf4+ 45. Kg2 Qg5+ 46. Kh2
Qf6 47. Kg2 Qg5+ 48. Kh1 Qf4 49. Re1 Kg8 50. Kg2 Qg5+ 51. Kh1 Qf4 52. Rf1 Qe3
53. Qxe3 Nxe3 54. Rf3 Nc2 55. Rd3 Nb4 56. Re3 Rc8 57. Ne2 Kf8 58. Kg2 Nc2 59.
Re5 Rd8 60. Kf3 f6 61. Re6 Rd7 62. Kg3 Kf7 63. Kg4 Na3 64. h4 Nc4 65. h5 Nb2
66. Nc3 Nd3 67. Rb6 Nb2 68. Re6 Nd3 69. Re3 Nb4 70. Re6 Nd3 71. Kf3 Nb2 72. Ke3
Nc4+ 73. Kd3 Kg8 74. Nxd5 Nb2+ 75. Ke4 Nxa4 76. h6 Nb2 77. hxg7 Kxg7 78. Nxf6
Rf7 79. Nh5+ Kf8 80. Rh6 Nc4 81. Rh8+ Ke7 82. f6+ Kd7 83. Rg8 Nd6+ 84. Ke5 Nxb5
85. Nf4 Nd6 86. Ne6 Nc4+ 87. Kf5 Nd6+ 88. Ke5 Nc4+ 89. Kd5 Ne3+ 90. Ke5 Nc4+
91. Kf5 Nd6+ 1/2-1/2

[Event "Russian Championship B13 1st league 2016"]
[Site "Loo"]
[Date "2016.04.27"]
[Round "8.3"]
[White "Dudin, Gleb"]
[Black "Shoshin, Kirill"]
[Result "1-0"]
[WhiteElo "1857"]
[BlackElo "1746"]
[PlyCount "73"]
[EventDate "2016.04.20"]

1. d4 Nf6 2. Nf3 c5 3. d5 d6 4. Nc3 g6 5. e4 Bg7 6. h3 O-O 7. Bd3 a6 8. a4 e6
9. O-O exd5 10. exd5 b6 11. Nd2 Nfd7 12. f4 Bd4+ 13. Kh2 Nf6 14. Qf3 Re8 15.
Nde4 Bf5 16. Rb1 Ra7 17. Bd2 Bxe4 18. Nxe4 Nxd5 19. Ng5 Nc7 20. f5 Be5+ 21. Kh1
f6 22. fxg6 hxg6 23. Bxg6 Ne6 24. Bxe8 Qxe8 25. Nxe6 Qxe6 26. Bc3 Rg7 27. Bxe5
dxe5 28. Qxf6 Qd5 29. Qf8+ Kh7 30. Qf3 e4 31. Qf5+ Qxf5 32. Rxf5 Nc6 33. c3 Rg6
34. Re1 Re6 35. Rf4 e3 36. Rf3 Nd4 37. Rfxe3 1-0

[Event "Russian Championship B13 1st league 2016"]
[Site "Loo"]
[Date "2016.04.27"]
[Round "8.4"]
[White "Ismailov, Amir"]
[Black "Bobkov, Vadim"]
[Result "1-0"]
[WhiteElo "1714"]
[BlackElo "1839"]
[PlyCount "69"]
[EventDate "2016.04.20"]

1. e4 d6 2. Nc3 Nf6 3. d4 g6 4. h3 c6 5. Be3 Nbd7 6. Qd2 Qc7 7. f4 Bg7 8. Nf3
b5 9. a3 a5 10. e5 Ng8 11. g4 d5 12. Bd3 e6 13. Ng5 Nb6 14. b3 Ne7 15. h4 f6
16. Nf3 fxe5 17. fxe5 Bd7 18. Bg5 h6 19. Bxe7 Kxe7 20. Bxg6 c5 21. O-O Raf8 22.
Rf2 Kd8 23. Raf1 Kc8 24. Ne2 Kb7 25. Nf4 cxd4 26. Qxd4 Nc8 27. Nd3 Ne7 28. Nc5+
Ka8 29. Bd3 Nc6 30. Qe3 Nxe5 31. Nxe5 Rxf2 32. Rxf2 Bxe5 33. Nxd7 Bb2 34. Rf7
Rg8 35. Nb6+ 1-0

[Event "Russian Championship B13 1st league 2016"]
[Site "Loo"]
[Date "2016.04.27"]
[Round "8.5"]
[White "Mutovin, Egor"]
[Black "Lvov, Nikita"]
[Result "1-0"]
[WhiteElo "1801"]
[BlackElo "1731"]
[PlyCount "95"]
[EventDate "2016.04.20"]

1. d4 d5 2. Nf3 Nf6 3. c4 e6 4. Nc3 Nbd7 5. Bg5 c6 6. e3 Qa5 7. cxd5 Nxd5 8.
Qd2 Bb4 9. Rc1 c5 10. Bd3 cxd4 11. exd4 O-O 12. O-O N7f6 13. Bb1 h6 14. Bh4 Bd7
15. Qd3 Bxc3 16. bxc3 Nf4 17. Qd2 N6d5 18. Bg3 Nh5 19. Be5 Rac8 20. c4 Qxd2 21.
Nxd2 Ndf4 22. Rfe1 Bc6 23. f3 f6 24. Bd6 Rfd8 25. c5 Bb5 26. g4 Ne2+ 27. Rxe2
Bxe2 28. Re1 Rxd6 29. cxd6 Nf4 30. Kf2 Bd3 31. Kg3 Ne2+ 32. Kf2 Nf4 33. d5 e5
34. Ne4 Bxb1 35. Rxb1 b6 36. a4 Nxd5 37. Rd1 Nb4 38. a5 Rd8 39. axb6 axb6 40.
Rb1 Nd3+ 41. Ke3 Nc5 42. Rxb6 Nxe4 43. Kxe4 Rd7 44. Kd5 Kf7 45. Rc6 Ke8 46.
Rc8+ Rd8 47. Rc7 Rd7 48. Ke6 1-0

[Event "Russian Championship B13 1st league 2016"]
[Site "Loo"]
[Date "2016.04.27"]
[Round "8.6"]
[White "Zhukov, Maksim"]
[Black "Peregudov, Denis"]
[Result "1-0"]
[WhiteElo "1861"]
[BlackElo "1517"]
[PlyCount "71"]
[EventDate "2016.04.20"]

1. c4 e6 2. Nf3 d5 3. d4 Nf6 4. g3 c6 5. Bg2 Bd6 6. O-O O-O 7. Nbd2 Nbd7 8. Qc2
b6 9. Rd1 Ba6 10. e4 dxe4 11. Nxe4 Be7 12. Ne5 Bb7 13. Nxc6 Bxc6 14. Nxf6+ Nxf6
15. Bxc6 Rc8 16. Bf3 Nd5 17. Qe2 Nf6 18. Bf4 Bd6 19. Bxd6 Qxd6 20. Rac1 Rc7 21.
c5 Qe7 22. c6 Qd6 23. Qe5 Qe7 24. Re1 Rd8 25. d5 Rd6 26. b4 b5 27. Rc5 a6 28.
Qc3 Qe8 29. Qa3 Qc8 30. dxe6 fxe6 31. Rce5 Kf7 32. Qe3 h6 33. Qf4 g5 34. Rxg5
Rdxc6 35. Bh5+ Ke7 36. Rg7+ 1-0

[Event "Russian Championship B13 1st league 2016"]
[Site "Loo"]
[Date "2016.04.27"]
[Round "8.8"]
[White "Arbuzov, Timofey"]
[Black "Anchikov, Vladimir"]
[Result "1-0"]
[WhiteElo "1739"]
[BlackElo "1619"]
[PlyCount "49"]
[EventDate "2016.04.20"]

1. e4 e5 2. Bc4 Nf6 3. d3 Nc6 4. Nc3 Bb4 5. Bg5 h6 6. Bxf6 gxf6 7. Nge2 d6 8.
Ng3 Qe7 9. O-O Bxc3 10. bxc3 Rg8 11. a3 Bg4 12. f3 Bd7 13. Bb5 O-O-O 14. Rb1
Rg6 15. d4 exd4 16. cxd4 Rdg8 17. Rf2 Nd8 18. Qd3 Ne6 19. Nf5 Qd8 20. Ba6 Bc6
21. Qc4 Kd7 22. d5 Bxd5 23. exd5 Nc5 24. Bxb7 Rg5 25. Qb5+ 1-0

[Event "Russian Championship B13 1st league 2016"]
[Site "Loo"]
[Date "2016.04.27"]
[Round "8.9"]
[White "Yastrebov, Nikita"]
[Black "Smirnov, Dmitrii"]
[Result "0-1"]
[WhiteElo "1725"]
[BlackElo "1735"]
[PlyCount "104"]
[EventDate "2016.04.20"]

1. d4 d5 2. Nf3 Nf6 3. Bf4 e6 4. e3 c5 5. c3 Nc6 6. Bd3 Be7 7. Nbd2 O-O 8. Ne5
Nd7 9. Qh5 f5 10. g4 Nf6 11. Qh3 cxd4 12. exd4 Nxe5 13. dxe5 Nxg4 14. f3 Bh4+
15. Bg3 Nxe5 16. Be2 Ng6 17. O-O-O f4 18. Bxh4 Qxh4 19. Qxh4 Nxh4 20. Rhg1 Nf5
21. Bd3 Bd7 22. Bxf5 Rxf5 23. Rg2 Bc6 24. Rdg1 g6 25. Re1 Re8 26. Rge2 Kf7 27.
Nb3 e5 28. Kb1 d4 29. cxd4 Bxf3 30. Rxe5 Rfxe5 31. dxe5 Bd5 32. Nd4 f3 33. e6+
Bxe6 34. Nxf3 Bf5+ 35. Kc1 Rxe1+ 36. Nxe1 Be4 37. Kd2 Kf6 38. Ke3 Kf5 39. a3 g5
40. h3 h5 41. b3 Ke5 42. b4 g4 43. hxg4 hxg4 44. a4 g3 45. a5 g2 46. Nxg2 Bxg2
47. Kd3 Bf1+ 48. Kc3 Kd5 49. Kb3 Kd4 50. Ka4 a6 51. Ka3 Kc3 52. Ka4 Bb5+ 0-1

[Event "Russian Championship B13 1st league 2016"]
[Site "Loo"]
[Date "2016.04.27"]
[Round "8.10"]
[White "Zemskov, Roman"]
[Black "Mizirenkov, Stepan Dmitriev"]
[Result "1-0"]
[WhiteElo "1824"]
[BlackElo "1567"]
[PlyCount "87"]
[EventDate "2016.04.20"]

1. Nf3 d5 2. d3 Nf6 3. Nbd2 Bf5 4. c4 e6 5. g3 Bb4 6. Bg2 dxc4 7. Ne5 c6 8.
Nexc4 O-O 9. O-O Nbd7 10. a3 Bxd2 11. Bxd2 Nb6 12. Bb4 Nxc4 13. Bxf8 Nxb2 14.
Qb3 Nxd3 15. exd3 Kxf8 16. Qxb7 Qc8 17. Qxc6 Qxc6 18. Bxc6 Rc8 19. Bb5 Nd5 20.
Bc4 Nb6 21. Rfc1 Ke7 22. a4 Nxc4 23. dxc4 Kd6 24. Ra2 Rb8 25. c5+ Kc6 26. Rd2
Rb1 27. Rd6+ Kc7 28. Rxb1 Bxb1 29. a5 Be4 30. Kf1 Bd5 31. Ke2 Bc4+ 32. Ke3 Bb5
33. Kd4 Bd7 34. f4 Bc8 35. Ke5 h5 36. h3 Kb7 37. Rd8 Kc7 38. Rg8 f6+ 39. Kd4
e5+ 40. fxe5 fxe5+ 41. Kxe5 Bxh3 42. Rxg7+ Kc6 43. Rxa7 Kxc5 44. Rb7 1-0

[Event "Russian Championship B13 1st league 2016"]
[Site "Loo"]
[Date "2016.04.27"]
[Round "8.11"]
[White "Kamaev, Dzhabrail"]
[Black "Smirnov, Mark A"]
[Result "1-0"]
[WhiteElo "1823"]
[BlackElo "1637"]
[PlyCount "141"]
[EventDate "2016.04.20"]

1. e4 c5 2. Nf3 d6 3. c3 Nf6 4. h3 g6 5. Bd3 Bg7 6. Bc2 Nc6 7. O-O O-O 8. Re1
Nd7 9. d4 cxd4 10. cxd4 Qb6 11. d5 Nd4 12. Nc3 Nxf3+ 13. Qxf3 Ne5 14. Qe2 Bd7
15. Kh1 Rac8 16. Bb3 Qa6 17. Rd1 Qxe2 18. Nxe2 Bb5 19. Nd4 Bc4 20. Be3 Bxb3 21.
axb3 a6 22. Rac1 Nd7 23. b4 Ne5 24. b3 Rfd8 25. Kg1 Kf8 26. Kf1 Ke8 27. Ke2 Nd7
28. g4 a5 29. bxa5 Nc5 30. Nb5 Nxb3 31. Rb1 Nc5 32. Bxc5 Rxc5 33. Rdc1 Rdc8 34.
Rxc5 Rxc5 35. Kd3 Kd7 36. Rb3 e6 37. Na7 Rc7 38. Rb6 Ke7 39. Nb5 Rd7 40. Na7
Rc7 41. a6 Rc3+ 42. Kd2 bxa6 43. Rxa6 Rxh3 44. Nc8+ Kd7 45. Nxd6 exd5 46. exd5
Kd8 47. Nxf7+ Ke8 48. Nd6+ Kd8 49. Ne4 Be5 50. d6 Kd7 51. Ra7+ Kc6 52. d7 Bc7
53. Ke2 h5 54. Ng5 Rb3 55. Rxc7+ Kxc7 56. Ne6+ Kxd7 57. Nc5+ Kd6 58. Nxb3 h4
59. Nd4 g5 60. Nf3 h3 61. Nxg5 h2 62. Ne4+ Ke5 63. Ng3 Kf4 64. g5 Kxg5 65. Kf3
h1=Q+ 66. Nxh1 Kh4 67. Ng3 Kh3 68. Nf5 Kh2 69. Kg4 Kg2 70. f4 Kf2 71. Ng3 1-0

[Event "Russian Championship B13 1st league 2016"]
[Site "Loo"]
[Date "2016.04.27"]
[Round "8.12"]
[White "Stepochkin, Fedor"]
[Black "Polyakov, Anton"]
[Result "1-0"]
[WhiteElo "1649"]
[BlackElo "1799"]
[PlyCount "93"]
[EventDate "2016.04.20"]

1. e4 e5 2. Nf3 Nc6 3. Bc4 Nf6 4. d3 Bc5 5. Nc3 d6 6. h3 Be6 7. Bb3 Qd7 8. Bg5
O-O-O 9. Qd2 h6 10. Bxf6 gxf6 11. Nd5 Bxd5 12. Bxd5 Nd4 13. Nxd4 Bxd4 14. c3
Bb6 15. b4 c6 16. Bb3 Rdg8 17. g3 f5 18. a4 f4 19. a5 Bd8 20. gxf4 Rg2 21.
O-O-O exf4 22. Kb1 Bg5 23. Qe2 Bh4 24. Rdf1 Rg6 25. Qf3 Bg5 26. d4 Qe7 27. h4
Bxh4 28. Qh3+ Kb8 29. Qxh4 Qxe4+ 30. Bc2 Qd5 31. Qxf4 Rgg8 32. Kb2 h5 33. Bb3
Qb5 34. Qxd6+ Ka8 35. Re1 Qf5 36. f4 Rd8 37. Qe5 Qd7 38. Qg5 Rdg8 39. Qe7 Qf5
40. Qxf7 Qd3 41. Re7 Rg2+ 42. Ka3 Rb8 43. Rxb7 Ra2+ 44. Kxa2 Qe2+ 45. Ka3 Rxb7
46. Qxh5 Qe3 47. Qe5 1-0

[Event "Russian Championship B13 1st league 2016"]
[Site "Loo"]
[Date "2016.04.27"]
[Round "8.13"]
[White "Ril, Evgeny"]
[Black "Dunaev, Denis"]
[Result "1-0"]
[WhiteElo "1797"]
[BlackElo "1628"]
[PlyCount "109"]
[EventDate "2016.04.20"]

1. e4 e6 2. d4 d5 3. exd5 exd5 4. Bd3 Nf6 5. h3 Bd6 6. Qf3 c6 7. Ne2 Be6 8. O-O
O-O 9. c3 Nbd7 10. Bf4 Qc7 11. Nd2 Nb6 12. Rfe1 Rfe8 13. Bxd6 Qxd6 14. Nf4 Bd7
15. Bc2 c5 16. dxc5 Qxc5 17. Nb3 Qc7 18. Nd4 Bc6 19. Nh5 Nxh5 20. Qxh5 h6 21.
Qf5 g6 22. Qd3 Nc4 23. b3 Nd6 24. Qg3 Nb5 25. Qxc7 Nxc7 26. Nxc6 bxc6 27. Bd3
Rad8 28. Kf1 Ne6 29. Re3 Nf4 30. Rae1 Rxe3 31. Rxe3 Nxd3 32. Rxd3 Re8 33. Re3
Rxe3 34. fxe3 Kg7 35. Ke2 Kf6 36. Kd3 Ke5 37. b4 a6 38. h4 h5 39. a4 f6 40. c4
dxc4+ 41. Kxc4 Kd6 42. Kd4 g5 43. g3 gxh4 44. gxh4 f5 45. a5 Ke6 46. Kc5 Ke5
47. Kxc6 Ke4 48. b5 Kxe3 49. bxa6 f4 50. a7 f3 51. a8=Q f2 52. Qf8 Ke2 53. a6
f1=Q 54. Qxf1+ Kxf1 55. a7 1-0

[Event "Russian Championship B13 1st league 2016"]
[Site "Loo"]
[Date "2016.04.27"]
[Round "8.14"]
[White "Darmogray, Makar"]
[Black "Amirov, Ramil"]
[Result "1-0"]
[WhiteElo "1634"]
[BlackElo "1773"]
[PlyCount "37"]
[EventDate "2016.04.20"]

1. e4 e6 2. d4 d5 3. exd5 exd5 4. Bd3 Bd6 5. h3 Ne7 6. Nf3 Nbc6 7. c3 Be6 8.
Be3 Qd7 9. Nbd2 f6 10. Qc2 O-O-O 11. O-O-O f5 12. Bg5 h6 13. Bxe7 Nxe7 14. Rhe1
f4 15. Ne5 Bxe5 16. Rxe5 Rhf8 17. Rde1 Rf6 18. Nf3 Kb8 19. Qe2 1-0

[Event "Russian Championship B13 1st league 2016"]
[Site "Loo"]
[Date "2016.04.27"]
[Round "8.15"]
[White "Trofimov, Ivan"]
[Black "Kitaev, Roman"]
[Result "1/2-1/2"]
[WhiteElo "1597"]
[BlackElo "1744"]
[PlyCount "98"]
[EventDate "2016.04.20"]

1. e4 c5 2. Nf3 e6 3. d4 cxd4 4. Nxd4 Nc6 5. Nc3 a6 6. Be2 Qc7 7. Be3 b5 8.
Nxc6 dxc6 9. O-O Nf6 10. f4 Be7 11. e5 Nd5 12. Nxd5 cxd5 13. c3 Bd7 14. Qd2 g6
15. Bd4 Bc5 16. Qe3 Rc8 17. Rad1 Qb6 18. Bxc5 Qxc5 19. Qxc5 Rxc5 20. Rd4 Ke7
21. Kf2 a5 22. Ke3 Rb8 23. a3 Rc7 24. Rb1 b4 25. axb4 axb4 26. Rc1 bxc3 27.
bxc3 Rb3 28. Kd2 Bb5 29. Bd1 Rb2+ 30. Rc2 Rxc2+ 31. Bxc2 Bc4 32. Bd3 Bxd3 33.
Kxd3 Ra7 34. Ke3 Ra1 35. Rd2 Rc1 36. Rd3 Rc2 37. Kf3 Kd7 38. h4 Kc6 39. g3 Kc5
40. Ke3 Kc4 41. Rd4+ Kxc3 42. Ra4 Rb2 43. Ra7 d4+ 44. Ke4 d3 45. Ra3+ Kc4 46.
Rxd3 Re2+ 47. Re3 Rxe3+ 48. Kxe3 h5 49. Ke4 Kc5 1/2-1/2

[Event "Russian Championship B13 1st league 2016"]
[Site "Loo"]
[Date "2016.04.27"]
[Round "8.16"]
[White "Kozlov, Denis"]
[Black "Beloshapko, Matvej"]
[Result "0-1"]
[WhiteElo "1617"]
[BlackElo "1741"]
[PlyCount "70"]
[EventDate "2016.04.20"]

1. d4 c5 2. d5 f5 3. c4 Nf6 4. Nf3 g6 5. Nc3 Bg7 6. Qc2 d6 7. b3 O-O 8. Bb2
Nbd7 9. e3 Ng4 10. Ng5 Nde5 11. h3 Nh6 12. Be2 f4 13. e4 Nhf7 14. Nf3 Nxf3+ 15.
Bxf3 Ne5 16. Rb1 a6 17. Ne2 b5 18. Bxe5 Bxe5 19. b4 cxb4 20. Rxb4 Qa5 21. Qd2
Bd7 22. O-O bxc4 23. Rfb1 Rab8 24. a3 Rbc8 25. Rc1 Qxa3 26. Rbxc4 Rxc4 27. Rxc4
Bxh3 28. Nd4 Bd7 29. Rc7 Qa1+ 30. Kh2 Qxd4 31. Qxd4 Bxd4 32. Rxd7 Kf7 33. Bg4
Bxf2 34. e5 dxe5 35. Be6+ Kf6 0-1

[Event "Russian Championship B13 1st league 2016"]
[Site "Loo"]
[Date "2016.04.27"]
[Round "8.17"]
[White "Kryukov, Alexey"]
[Black "Zakirov, Artur"]
[Result "1/2-1/2"]
[WhiteElo "1617"]
[BlackElo "1725"]
[PlyCount "85"]
[EventDate "2016.04.20"]

1. e4 e5 2. Nf3 Nc6 3. Bb5 a6 4. Ba4 Nf6 5. d3 b5 6. Bb3 d6 7. c3 Na5 8. Bc2 c5
9. d4 cxd4 10. cxd4 Bg4 11. d5 Rc8 12. Nbd2 Qc7 13. Bd3 Nb7 14. O-O Be7 15. Re1
O-O 16. Nf1 Nc5 17. Ng3 Qb7 18. h3 Bd7 19. Be3 Bd8 20. Rc1 Nxd3 21. Qxd3 Ba5
22. Rxc8 Rxc8 23. Rc1 Rxc1+ 24. Bxc1 Bb6 25. Bg5 Ne8 26. Nh4 h6 27. Bd2 Bd4 28.
Bc3 Bxc3 29. Qxc3 b4 30. Qc4 a5 31. Nhf5 Kf8 32. a3 bxa3 33. bxa3 a4 34. Qc1
Qb3 35. Kh2 Qd3 36. Qb2 Bxf5 37. Nxf5 Qxe4 38. Ne3 Qd3 39. Qb7 g6 40. Qb2 Qb3
41. Qc1 Kg7 42. Qc6 Kf8 43. Nc4 {запись не разбор~~ива} 1/2-1/2

[Event "Russian Championship B13 1st league 2016"]
[Site "Loo"]
[Date "2016.04.27"]
[Round "8.18"]
[White "Burdin, Shahrom"]
[Black "Novikov, Roman"]
[Result "0-1"]
[WhiteElo "1514"]
[BlackElo "1711"]
[PlyCount "102"]
[EventDate "2016.04.20"]

1. e4 e6 2. d4 d5 3. exd5 exd5 4. Bf4 Nf6 5. Bd3 Be7 6. Nf3 O-O 7. O-O c6 8. c3
Nbd7 9. Nbd2 Re8 10. Qc2 Nf8 11. Rae1 Ng6 12. Bg3 Bd7 13. Ne5 Bf8 14. Nxd7 Qxd7
15. Nf3 Rxe1 16. Rxe1 Re8 17. Ne5 Qd8 18. Qd2 Ne4 19. Bxe4 dxe4 20. Nxg6 hxg6
21. Qf4 Qd5 22. Qc7 c5 23. Qa5 b6 24. Qa4 Re6 25. dxc5 Bxc5 26. Rd1 Qg5 27.
Qxa7 e3 28. Qb8+ Kh7 29. Qf4 Qxf4 30. Bxf4 e2 31. Re1 g5 32. Bxg5 Rd6 33. g3
Rd1 34. Bd2 Rxd2 35. Kg2 Rxb2 36. a4 Rc2 37. h3 Kg6 38. Kf3 Rxc3+ 39. Kxe2 Rc2+
40. Kd3 Rxf2 41. Rc1 Rf3+ 42. Ke4 Rxg3 43. a5 Ra3 44. axb6 Re3+ 45. Kd5 Bxb6
46. Rc6+ Re6 47. Rxe6+ fxe6+ 48. Kxe6 Kh5 49. Kf5 g5 50. Kf6 Kh4 51. Kf5 Bd8
0-1

[Event "Russian Championship B13 1st league 2016"]
[Site "Loo"]
[Date "2016.04.27"]
[Round "8.19"]
[White "Koptev, Ruslan"]
[Black "Ivanov, Ilya"]
[Result "0-1"]
[WhiteElo "1691"]
[BlackElo "1498"]
[PlyCount "80"]
[EventDate "2016.04.20"]

1. e4 e6 2. d4 d5 3. e5 c5 4. c3 Nc6 5. Nf3 Qb6 6. a3 Bd7 7. b4 cxd4 8. cxd4
Nge7 9. Bb2 Nf5 10. g4 Nh6 11. h3 Be7 12. Nbd2 f5 13. g5 Nf7 14. h4 h5 15. Bd3
O-O 16. Nb3 a5 17. b5 Na7 18. g6 Nh6 19. Ng5 Nxb5 20. Qxh5 Nc7 21. Nf7 Rxf7 22.
gxf7+ Nxf7 23. Rc1 Ne8 24. Bc2 a4 25. Rh3 axb3 26. Rxb3 Qa5+ 27. Bc3 Qc7 28.
Bb2 Qd8 29. Rxb7 Bc6 30. Rb3 Bxh4 31. Rh3 Bg5 32. Bxf5 exf5 33. Qh7+ Kf8 34.
Rxc6 Qa5+ 35. Rcc3 Rb8 36. Qxf5 Rxb2 37. e6 Ned6 38. Rh8+ Ke7 39. Re8+ Kxe8 40.
exf7+ Kf8 0-1

[Event "Russian Championship B13 1st league 2016"]
[Site "Loo"]
[Date "2016.04.27"]
[Round "8.20"]
[White "Kovalev, Kirill"]
[Black "Zhukov, Ivan"]
[Result "1/2-1/2"]
[WhiteElo "1597"]
[BlackElo "1667"]
[PlyCount "170"]
[EventDate "2016.04.20"]

1. e4 c5 2. Nf3 d6 3. d4 cxd4 4. Nxd4 Nf6 5. Nc3 a6 6. Be3 e5 7. Nf3 Be6 8. Be2
Be7 9. O-O O-O 10. Nd5 Nxd5 11. exd5 Bf5 12. c4 Nd7 13. Nd2 Rc8 14. Rc1 Qa5 15.
a3 Qd8 16. b4 Bg5 17. Bxg5 Qxg5 18. Nf3 Qe7 19. Re1 Bg6 20. Qd2 h6 21. h3 f5
22. Nh2 f4 23. Bg4 Bf5 24. Bxf5 Rxf5 25. Qd3 Rff8 26. Nf3 Rfe8 27. Nd2 Qg5 28.
Ne4 Qg6 29. c5 dxc5 30. bxc5 Rf8 31. f3 Rfd8 32. Qb3 b6 33. d6+ Qf7 34. Qxf7+
Kxf7 35. c6 Nc5 36. c7 Rd7 37. Nxc5 bxc5 38. Rxc5 Rxd6 39. Rexe5 g6 40. Re4 Rf6
41. Rd4 Ke7 42. Re5+ Re6 43. Rxe6+ Kxe6 44. Ra4 Rxc7 45. Rxa6+ Kf7 46. a4 Rc1+
47. Kh2 Ra1 48. a5 Ra2 49. Ra8 Kg7 50. a6 h5 51. h4 Ra3 52. a7 Ra2 53. Kg1 Ra4
54. Kf2 Ra2+ 55. Ke1 Kh7 56. Kd1 Kg7 57. Kc1 Ra1+ 58. Kb2 Ra4 59. Kb3 Ra1 60.
Kc4 Ra4+ 61. Kd5 Ra1 62. Ke5 Ra4 63. Kd6 Ra6+ 64. Ke7 Kh7 65. Kf7 Ra5 66. Ke6
Ra6+ 67. Ke5 Ra4 68. Kf6 Ra6+ 69. Kg5 Ra4 70. Rf8 Rxa7 71. Kxf4 Kg7 72. Re8
Ra4+ 73. Re4 Ra2 74. g3 Kf6 75. Rb4 Ra6 76. g4 hxg4 77. fxg4 Ra7 78. g5+ Kf7
79. Kg4 Kg7 80. h5 gxh5+ 81. Kxh5 Kh7 82. Rb5 Rc7 83. Rd5 Kg7 84. g6 Ra7 85.
Re5 Rb7 1/2-1/2

[Event "Russian Championship B13 1st league 2016"]
[Site "Loo"]
[Date "2016.04.27"]
[Round "8.21"]
[White "Shalimo, Eugene"]
[Black "Bashev, Fyodor"]
[Result "0-1"]
[WhiteElo "1445"]
[BlackElo "1658"]
[PlyCount "49"]
[EventDate "2016.04.20"]

1. c4 e5 2. g3 Bc5 3. Bg2 Nc6 4. Nc3 Nge7 5. e3 d5 6. Nxd5 Nxd5 7. Bxd5 Nb4 8.
d4 exd4 9. exd4 Bxd4 10. Qa4+ c6 11. Bxf7+ Kxf7 12. Qxb4 Re8+ 13. Kf1 Qf6 14.
Qd2 Be6 15. Qc2 Bf5 16. Qd2 Bd3+ 17. Kg2 Bxc4 18. Qf4 Bd5+ 19. Nf3 Qxf4 20.
Bxf4 Re2 21. Rhf1 Rxb2 22. Rad1 Bb6 23. a3 Rb3 24. Bd6 Bxf3+ 25. Kh3 0-1

[Event "Russian Championship B13 1st league 2016"]
[Site "Loo"]
[Date "2016.04.27"]
[Round "8.22"]
[White "Zyryanov, Konstantin"]
[Black "Boktaev, Adyan"]
[Result "1/2-1/2"]
[WhiteElo "1414"]
[BlackElo "1657"]
[PlyCount "96"]
[EventDate "2016.04.20"]

1. e4 c5 2. c3 d6 3. d4 cxd4 4. cxd4 Nc6 5. Nc3 Nf6 6. Nf3 Bg4 7. Be2 g6 8. h3
Bxf3 9. Bxf3 Bg7 10. Be3 O-O 11. O-O Nd7 12. Rc1 a6 13. Qd2 e5 14. Ne2 Ne7 15.
Bh6 f5 16. Bxg7 Kxg7 17. exf5 Nxf5 18. Bxb7 Rb8 19. Bc6 Nf6 20. dxe5 dxe5 21.
Qxd8 Rfxd8 22. b3 Rd2 23. Nc3 Nd4 24. Bf3 e4 25. Bxe4 Nxe4 26. Nxe4 Rxa2 27.
Ra1 Re2 28. Nc5 Rc2 29. Ne4 Rc6 30. Nd2 Nxb3 31. Nxb3 Rxb3 32. Ra4 Rb7 33. Rfa1
Ra7 34. f4 Kf6 35. Ra5 Ke7 36. g4 Kd7 37. f5 gxf5 38. gxf5 Ke7 39. Kg2 Kf6 40.
R1a4 Rb6 41. Kg3 Kf7 42. Kg4 Kf6 43. Kf4 Ra8 44. Kg4 Rg8+ 45. Kf4 Ra8 46. Kg4
Rg8+ 47. Kf4 Ra8 48. Kg4 Rg8+ 1/2-1/2

[Event "Russian Championship B13 1st league 2016"]
[Site "Loo"]
[Date "2016.04.27"]
[Round "8.23"]
[White "Zhuravlev, Aleksandr"]
[Black "Styazhkin, Nikita"]
[Result "1-0"]
[WhiteElo "1695"]
[BlackElo "1562"]
[PlyCount "122"]
[EventDate "2016.04.20"]

1. Nf3 d5 2. g3 c6 3. Bg2 Bg4 4. d4 Nd7 5. O-O e6 6. Nbd2 Bd6 7. c4 Ngf6 8. Re1
O-O 9. e4 dxe4 10. Nxe4 Nxe4 11. Rxe4 Bf5 12. Re1 c5 13. Be3 Rc8 14. Rc1 b6 15.
Nh4 cxd4 16. Bxd4 Bb4 17. Nxf5 exf5 18. Re2 Nf6 19. a3 Bc5 20. Bxc5 Qxd1+ 21.
Rxd1 Rxc5 22. Re7 Rxc4 23. Rxa7 Rc2 24. b4 h6 25. Rb7 Ra2 26. Rxb6 Rxa3 27. Bh3
f4 28. Bf5 Nh5 29. Rbd6 fxg3 30. hxg3 Rb3 31. Rb1 Rxb1+ 32. Bxb1 Re8 33. Kf1
Kf8 34. Rd2 Re5 35. Rb2 Rb5 36. Bd3 Rb6 37. b5 Ke7 38. Ra2 Kd6 39. Ra7 f6 40.
Ra6 Kc5 41. Be2 g6 42. Ra7 f5 43. Bxh5 gxh5 44. Rf7 Rxb5 45. Rxf5+ Kc4 46. Rxb5
Kxb5 47. Kg2 h4 48. g4 Kc4 49. Kh3 Kd4 50. Kxh4 Ke4 51. Kg3 Ke5 52. f4+ Kf6 53.
Kh4 Kg6 54. f5+ Kf6 55. Kh5 Kg7 56. f6+ Kh7 57. g5 hxg5 58. Kxg5 Kh8 59. Kf5
Kg8 60. Ke6 Kf8 61. f7 Kg7 1-0

[Event "Russian Championship B13 1st league 2016"]
[Site "Loo"]
[Date "2016.04.27"]
[Round "8.24"]
[White "Efanov, Aleksey"]
[Black "Zaspanov, Konstantin"]
[Result "1/2-1/2"]
[WhiteElo "1693"]
[BlackElo "1527"]
[PlyCount "102"]
[EventDate "2016.04.20"]

1. e4 c5 2. Nf3 Nc6 3. c4 g6 4. d4 cxd4 5. Nxd4 Bg7 6. Be3 Nf6 7. Nc3 O-O 8.
Be2 d6 9. O-O Bd7 10. Rc1 Rc8 11. f3 a6 12. Qd2 Ne5 13. Nd5 Re8 14. Nb3 Bc6 15.
Qa5 e6 16. Qxd8 Rcxd8 17. Nb6 d5 18. Bf4 Nfd7 19. cxd5 exd5 20. exd5 Nxb6 21.
dxc6 Nxc6 22. Bxa6 bxa6 23. Rxc6 Nd5 24. Bg3 Bxb2 25. Rxa6 Ra8 26. Rxa8 Rxa8
27. Nd2 Rxa2 28. Ne4 f5 29. Ng5 Bd4+ 30. Kh1 Ne3 31. Re1 Bc3 32. Rg1 h6 33. Nh3
g5 34. Bf2 f4 35. g3 Kf7 36. gxf4 gxf4 37. Bh4 Nf5 38. Bf2 Bd2 39. Be1 Be3 40.
Rf1 Kg6 41. Bf2 Bd4 42. Kg1 Be3 43. Re1 Nh4 44. Rxe3 fxe3 45. Bxh4 Ra1+ 46. Kg2
e2 47. Bf2 e1=Q 48. Bxe1 Rxe1 49. Kg3 Kf6 50. Nf2 Rg1+ 51. Kf4 Kg6 1/2-1/2

[Event "Russian Championship B13 1st league 2016"]
[Site "Loo"]
[Date "2016.04.27"]
[Round "8.25"]
[White "Babayan, Arman"]
[Black "Tsybulkin, Ivan"]
[Result "1-0"]
[WhiteElo "1513"]
[BlackElo "1685"]
[PlyCount "120"]
[EventDate "2016.04.20"]

1. e4 c5 2. Nc3 e6 3. g3 b6 4. Bg2 Bb7 5. Nge2 a6 6. a4 Qc7 7. d3 d6 8. Be3 Nf6
9. h3 Be7 10. O-O O-O 11. f4 d5 12. Nb1 dxe4 13. d4 Rd8 14. Qc1 cxd4 15. Bxd4
Qc4 16. Nbc3 Rxd4 17. Nxd4 Qxd4+ 18. Kh2 Nbd7 19. Rd1 Qc4 20. g4 Qc7 21. g5 Nd5
22. Nxe4 Nxf4 23. Rxd7 Qxd7 24. Qxf4 f5 25. gxf6 Bxe4 26. f7+ Kf8 27. Qxe4 Rc8
28. Rf1 Bf6 29. Qxh7 Kxf7 30. Qe4 Qc7+ 31. Kh1 Qxc2 32. Qb7+ Rc7 33. Qxb6 Qc4
34. b3 Qc2 35. Qxa6 Qxb3 36. Qb5 Qa2 37. Qb6 Rc3 38. Qb7+ Kg6 39. Rg1 Kh6 40.
Qe4 Qc4 41. Qa8 g6 42. Qf8+ Bg7 43. Qd8 Rd3 44. Qe8 Rg3 45. a5 Qc3 46. Qxe6
Qxa5 47. Qe4 Qg5 48. Rf1 Rxg2 49. Qxg2 Qxg2+ 50. Kxg2 Be5 51. Kf3 Kh5 52. Re1
Bf6 53. Re4 Bg7 54. Ke2 Bf6 55. Kd3 g5 56. Kc4 Bb2 57. Kd5 Bc1 58. Rg4 Bf4 59.
Ke6 Bc1 60. Kf5 Bf4 1-0